[Event "Wch U20"]
[Site "Medellin"]
[Date "1996.??.??"]
[Round "9"]
[White "Iordachescu, Viorel"]
[Black "Shariyazdanov, Andrey"]
[Result "1/2-1/2"]
[WhiteElo "2460"]
[BlackElo "2470"]

1.e4 c5 2.Nf3 Nc6 3.Bb5 e6 4.Bxc6 bxc6 5.d3 Ne7 6.Ng5 f6 7.Nh3 g6 8.O-O Bg7
9.Nd2 O-O 10.f4 d6 11.Nf2 e5 12.fxe5 fxe5 13.Nf3 h6 14.Be3 Be6 15.h4 Kh7
16.c3 Rb8 17.b3 Qa5 18.d4 exd4 19.cxd4 c4 20.Qd2 Qxd2 21.Nxd2 c5 22.d5 Bxa1
23.Rxa1 c3 24.Nc4 Bxd5 25.exd5 Nxd5 26.Ng4 h5 27.Rd1 Nb4 28.Nf2 d5 29.Ne5 d4
30.Bg5 Rf5 31.Nd7 Rb7 32.Nf6+ Kg7 33.Ne8+ Kf8 34.Nd6 Rxg5 35.hxg5 Rd7 36.Nde4 c2
37.Rf1 Rf7 38.Nxc5 Nxa2 39.Ncd3 Rf5 40.Nc1 Nxc1 41.Rxc1 Rc5 42.Kf1 Rc3 43.Ke2 Rxb3
44.Rxc2 Rg3 45.Rc5 Rxg2 46.Kf3 Rg1 47.Nh3 Rf1+ 48.Ke4 d3 49.Rd5 Rf5 50.Rxd3 a5
51.Rd7 Kg8 52.Ra7 Rb5 53.Kf4 Rc5 54.Rb7 Rd5 55.Ke4 Rc5 56.Rb6 Kf7 57.Rf6+ Kg7
58.Rf2 Kh7 59.Rg2 Rb5 60.Nf4 a4 61.Nd5 a3 62.Rc2 Rb7 63.Ke5 Ra7 64.Ra2 Kg7
65.Kd6 Ra5 66.Nc7 Kf7 67.Rf2+ Kg8 68.Ra2 Kf7 69.Rf2+ Kg8 70.Ra2 Kf7 71.Rf2+  1/2-1/2

[Event "Wch U20"]
[Site "Medellin"]
[Date "1996.??.??"]
[Round "12"]
[White "Ginzburg, Maximiliano"]
[Black "Manhardt, Thomas"]
[Result "1-0"]
[WhiteElo "2425"]
[BlackElo "2135"]

1.e4 c5 2.Nf3 Nc6 3.Bb5 g6 4.O-O Bg7 5.Bxc6 dxc6 6.h3 Nf6 7.Nc3 O-O 8.d3 Ne8
9.Be3 b6 10.Qd2 Nc7 11.Bh6 Ne6 12.Bxg7 Kxg7 13.Nd1 Ba6 14.Ne3 h5 15.Nf5+ gxf5
16.exf5 Qd5 17.fxe6 Bc8 18.Rfe1 f6 19.Re4 c4 20.Rae1 cxd3 21.c4 Qf5 22.Qxd3 Kh8
23.Nd4 Qc5 24.Rh4 Rg8 25.Nf5 Rg5 26.Qd8+ Kh7 27.Qxe7+ Qxe7 28.Nxe7 Bb7 29.f4 Ra5
30.Rd1 Kh6 31.g4  1-0

[Event "Meisdorf op"]
[Site "Meisdorf"]
[Date "1996.??.??"]
[Round "?"]
[White "Niering, Martin"]
[Black "Rausis, Igors"]
[Result "0-1"]
[WhiteElo "2215"]
[BlackElo "2490"]

1.e4 c5 2.Nf3 Nc6 3.Bb5 g6 4.O-O Bg7 5.c3 Nf6 6.e5 Nd5 7.d4 cxd4 8.cxd4 Nc7
9.Bxc6 dxc6 10.h3 Be6 11.Nc3 Bd5 12.Be3 O-O 13.Nd2 f5 14.f4 Qd7 15.Qe2 Rad8
16.Bf2 Ne6 17.Be3 g5 18.g3 gxf4 19.gxf4 Kh8 20.Kh2 Rg8 21.Rg1 Bh6 22.Qf2 Nc7
23.Qh4 Qe6 24.b3 b6 25.Ne2 Na6 26.a3 Nc7 27.Ng3 Rg6 28.Qh5 Rdg8 29.b4 Qf7
30.Qh4 Bf8 31.Nge4 Bxe4 32.Nxe4 fxe4 33.Rg4 Nd5  0-1

[Event "Wch U12"]
[Site "Menorca"]
[Date "1996.??.??"]
[Round "5"]
[White "Bhat, Vinay S"]
[Black "Alcazar Jimenez, Jesus"]
[Result "1-0"]
[WhiteElo "2225"]
[BlackElo "2040"]

1.e4 c5 2.Nf3 Nc6 3.Bb5 g6 4.Bxc6 bxc6 5.O-O Bg7 6.Re1 e5 7.c3 d6 8.d4 cxd4
9.cxd4 Bg4 10.dxe5 dxe5 11.Qc2 Ne7 12.Nbd2 O-O 13.h3 Be6 14.Nb3 Bxb3 15.Qxb3 Qc7
16.Be3 h6 17.Rac1 Rab8 18.Qa3 Rfe8 19.Re2 Rb5 20.b3 f5 21.Qa4 Rb7 22.Rec2 a5
23.Bc5 Nc8 24.Nh4 f4 25.Nxg6 Bf6 26.Nf8 Nd6 27.Bxd6 Qxd6 28.Rxc6 Qxf8 29.Rxf6 Qxf6
30.Qxe8+ Kh7 31.Rc6 Qg7 32.Qh5 Rf7 33.Rxh6+ Qxh6 34.Qxf7+ Kh8 35.Qe8+ Kh7
36.Qxe5 f3 37.Qf5+ Kh8 38.Qxf3 Qc1+ 39.Kh2 Qc7+ 40.g3 Qc2 41.e5 Qxa2 42.e6 Qa3
43.Qf6+  1-0

[Event "Wch U14"]
[Site "Menorca"]
[Date "1996.??.??"]
[Round "8"]
[White "Aronian, Levon"]
[Black "Bunzmann, Dimitrij"]
[Result "1/2-1/2"]
[WhiteElo "2390"]
[BlackElo "2275"]

1.e4 c5 2.Nf3 Nc6 3.Bb5 e6 4.O-O Nge7 5.c3 a6 6.Be2 d5 7.exd5 Nxd5 8.d4 Be7
9.c4 Nf6 10.dxc5 Qxd1 11.Rxd1 Bxc5 12.Nc3 Bd7 13.Bf4 h6 14.a3 Ba7 15.b4 Bb8
16.Be3 Ne7 17.Ra2 Bc7 18.h4  1/2-1/2

[Event "Wch U16 Girls"]
[Site "Menorca"]
[Date "1996.??.??"]
[Round "11"]
[White "Shahade, Jennifer"]
[Black "Kalinina, Vladislava"]
[Result "1/2-1/2"]
[WhiteElo "2110"]
[BlackElo "2125"]

1.e4 c5 2.Nf3 Nc6 3.Bb5 g6 4.Bxc6 dxc6 5.h3 Bg7 6.d3 e5 7.Be3 Qe7 8.Qd2 Nf6
9.Bh6 O-O 10.Bxg7 Kxg7 11.Nc3 b5 12.O-O Nh5 13.Ne2 Bd7 14.a4 b4 15.Rae1 Rad8
16.Qe3 Bc8 17.Nd2 Ba6 18.f4 exf4 19.Nxf4 Nxf4 20.Qxf4 b3 21.Nxb3 c4 22.dxc4 Bxc4
23.Rf3 Qb4 24.Qe3 Qxa4 25.Ra1 Qb5 26.Rxa7 Qe5 27.Qc3 Rd4 28.Kf2  1/2-1/2

[Event "Milan"]
[Site "Milan"]
[Date "1996.??.??"]
[Round "9"]
[White "Pozzi, Enrico"]
[Black "Efimov, Igor"]
[Result "1/2-1/2"]
[WhiteElo "2240"]
[BlackElo "2455"]

1.e4 c5 2.Nf3 Nc6 3.Bb5 Nf6 4.e5 Nd5 5.O-O g6 6.c3 Bg7 7.Re1 O-O 8.d4 cxd4
9.cxd4 d6 10.Nc3 Nxc3 11.bxc3 a6 12.Bxc6 bxc6 13.Qa4 Qc7 14.exd6 exd6 15.Bf4 h6
16.Qa3 Rd8 17.Nd2 g5 18.Bg3 f5 19.f4 Qa7 20.fxg5 hxg5 21.Bxd6 Bxd4+ 22.Kh1 Bg7
23.Re7 Qxe7 24.Bxe7 Rxd2 25.Qb3+ Rd5 26.Bxg5 Be6 27.Qb7 Rc8 28.Qe7 Bf7 29.Qe3 Rd6
30.Qf4 Re6 31.Qxf5 Rce8 32.Rf1 Bg6 33.Qf3 Rf8 34.Qd1 Rfe8 35.Qf3 Rf8  1/2-1/2

[Event "Minsk op"]
[Site "Minsk"]
[Date "1996.??.??"]
[Round "2"]
[White "Kozel, Roman"]
[Black "Mochalov, Evgeny V"]
[Result "1/2-1/2"]
[WhiteElo "2365"]
[BlackElo "2515"]

1.e4 c5 2.Nf3 Nc6 3.Bb5 g6 4.Bxc6 dxc6 5.h3 Bg7 6.d3 Nf6 7.Nc3 Nd7 8.Be3 e5
9.Qd2 Qe7 10.Nh2 Nf8 11.O-O Ne6 12.Ne2 O-O 13.c3 Rd8 14.Qc2 b6 15.Rad1 Ba6
16.b3 Rd6 17.f4 Rad8 18.c4 exf4 19.Nxf4 Nd4 20.Qb1 g5 21.Nh5 Ne2+ 22.Kh1 Nc3
23.Qb2 Bh8 24.Rde1 Rh6 25.e5 Rxh5 26.Qxc3 Bc8 27.Qd2 g4 28.Qe2 Qh4 29.Rf4 Bxe5
30.Rxg4+ Bxg4 31.Nxg4 Bg7 32.Bf2 Qg5 33.Qf3 Qg6 34.Bg3 Rf5 35.Qe4 h5 36.Ne3 Rf6
37.Bh4 Qxe4 38.dxe4 Rd2 39.Bxf6 Bxf6 40.e5 Bxe5 41.Nf1 Rf2 42.Rxe5 Rxf1+
43.Kh2 Rf2 44.Rxh5 Rxa2 45.Rg5+ Kh7 46.h4 Ra3 47.Rf5 Kg6 48.Rg5+ Kh6 49.Rf5 Kg6
50.Rg5+ Kf6 51.Rg3 Ra1 52.Kh3 Rd1 53.Kg4 Rd4+ 54.Kh5 Rd8 55.Rf3+ Kg7 56.Kg5 Re8
57.Kf5 Re6 58.Rg3+ Kh7 59.Rd3 Kg7 60.Rg3+ Kh6 61.Rd3 Kg7 62.Rg3+ Kf8 63.h5 b5
64.Rc3 b4 65.Rd3 Kg7 66.g4 Rf6+  1/2-1/2

[Event "Minsk op"]
[Site "Minsk"]
[Date "1996.??.??"]
[Round "4"]
[White "Bezgodov, Alexei"]
[Black "Kochetkov, German"]
[Result "1/2-1/2"]
[WhiteElo "2485"]
[BlackElo "2385"]

1.e4 c5 2.Nf3 Nc6 3.Bb5 d6 4.O-O Bd7 5.c3 a6 6.Bxc6 Bxc6 7.Re1 Nf6 8.d4 Bxe4
9.Bg5 Bc6 10.Na3 d5 11.Bxf6 gxf6 12.dxc5 Qa5 13.Nd4 Qxc5 14.Qh5 O-O-O 15.b4 Qd6
16.Qxf7 Be8 17.Qe6+ Kb8 18.Rab1 Qxe6 19.Nxe6 Rc8 20.b5 a5 21.b6 Bh6 22.Nc7 Bf4
23.Nxd5 Bd6 24.Nb5 Rc5 25.Nxd6 Rxd5 26.Nxe8 Rxe8  1/2-1/2

[Event "Minsk op"]
[Site "Minsk"]
[Date "1996.??.??"]
[Round "4"]
[White "Yandemirov, Valeri"]
[Black "Ciuksyte, Dagne"]
[Result "1-0"]
[WhiteElo "2430"]
[BlackElo "2245"]

1.e4 c5 2.Nf3 Nc6 3.Bb5 g6 4.O-O Bg7 5.c3 Nf6 6.Re1 O-O 7.e5 Nd5 8.d4 cxd4
9.cxd4 Nc7 10.Ba4 d5 11.h3 b5 12.Bb3 a5 13.Nc3 Ba6 14.Be3 Qd7 15.Qd2 Rfd8
16.Bh6 Bh8 17.Ng5 a4 18.Bd1 f5 19.Ne2 Bg7 20.Bxg7 Kxg7 21.e6 Nxe6 22.Nxe6+ Qxe6
23.Nf4 Qf6 24.Re6 Qxd4 25.Qc1 Rac8 26.Rxc6 Rxc6 27.Qxc6 Qxf4 28.Qxa6 Qe5
29.Bf3 d4 30.Qa5 Rc8 31.Re1 Qc5 32.Be2 Rb8 33.Bd3 e5 34.f3 Kf6 35.Qa6+ Rb6
36.Qa8 Kg5 37.Qe8 Kf4 38.Qd8 g5 39.Kf2 e4 40.fxe4  1-0

[Event "Minsk op"]
[Site "Minsk"]
[Date "1996.??.??"]
[Round "6"]
[White "Chekurov, Vyacheslav"]
[Black "Mochalov, Evgeny V"]
[Result "1-0"]
[WhiteElo "2330"]
[BlackElo "2515"]

1.e4 c5 2.Nf3 Nc6 3.Bb5 g6 4.Bxc6 dxc6 5.h3 Bg7 6.d3 Nf6 7.Nc3 Nd7 8.Be3 e5
9.Qd2 Qe7 10.Bh6 f6 11.O-O-O Nf8 12.Nh4 Ne6 13.g3 Nd4 14.Bxg7 Qxg7 15.f4 Be6
16.Kb1 O-O-O 17.Ne2 Nxe2 18.Qxe2 Rhf8 19.Nf3 b6 20.Qe3 h6 21.Rd2 g5 22.h4 exf4
23.gxf4 g4 24.Ng1 f5 25.Ne2 Rde8 26.a3 Qc7 27.Rf1 Qe7 28.Qf2 Bd7 29.Nc3 h5
30.Re1 Qh7 31.e5 Be6 32.d4 Qe7 33.Qg2 Kc7 34.d5 cxd5 35.Rxd5 Rd8 36.Rd6 Qe8
37.Red1 Rxd6 38.Rxd6 Rf7 39.Nd5+ Kb8 40.Nf6 Qc8 41.Qd2 Kc7 42.b3 Re7 43.Kb2 Bf7
44.a4 Be6 45.a5 Kb7 46.Nxh5 Rh7 47.Nf6 Rxh4 48.axb6 axb6 49.Nd5 Bxd5 50.Qxd5+ Ka6
51.Rd8 Qc7 52.Ra8+  1-0

[Event "Minsk op"]
[Site "Minsk"]
[Date "1996.??.??"]
[Round "9"]
[White "Kozel, Roman"]
[Black "Shishkin, Vadim"]
[Result "1/2-1/2"]
[WhiteElo "2365"]
[BlackElo "2425"]

1.e4 c5 2.Nf3 Nc6 3.Bb5 g6 4.Bxc6 dxc6 5.h3 Bg7 6.d3 Nf6 7.Nc3 Nd7 8.Be3 e5
9.Qd2 Qe7 10.Nh2 Nf8 11.O-O Ne6 12.Ne2 O-O 13.Rae1 Rd8 14.Qc1 g5 15.Ng3 Nf4
16.b3 b6 17.Nf5 Bxf5 18.exf5 Qd7 19.g3 Nxh3+ 20.Kg2 Qxf5 21.Qd1 Rd6 22.Bc1 Rg6
23.Qf3 Qxf3+ 24.Nxf3 Re8 25.Nxe5 Rxe5 26.Rxe5 Bxe5 27.Kxh3 Bc3 28.Kg4 h6
29.Kh5 Re6 30.Be3 Kg7 31.a4 f5 32.Rd1 Rd6 33.Rf1 Rd8 34.Rd1 Kf6 35.Rf1 Kg7
36.Rd1 Rd7 37.Rf1 Rd6 38.Rd1 Bf6 39.Re1 Bc3 40.Re2 Kf7 41.Bc1 Bd4 42.Bd2 Bg7
43.a5 Rd8 44.a6 Rb8 45.Be1 Bf6 46.Bd2 Rd8 47.Be1 Rd7 48.Bd2 Rd5 49.Be1 b5
50.Bd2 b4 51.f3 Rd8 52.Re3 Rb8 53.Re1 Rb5 54.Re2 Bg7 55.Be3 Ra5 56.Bf2  1/2-1/2

[Event "Minsk op"]
[Site "Minsk"]
[Date "1996.??.??"]
[Round "9"]
[White "Chekurov, Vyacheslav"]
[Black "Basirov, Rinat"]
[Result "1-0"]
[WhiteElo "2330"]
[BlackElo "2460"]

1.e4 c5 2.Nf3 Nc6 3.Bb5 g6 4.Bxc6 bxc6 5.O-O Bg7 6.Re1 f6 7.c3 d6 8.d4 cxd4
9.cxd4 Nh6 10.Qa4 Qb6 11.Nbd2 Qa6 12.Qc2 Be6 13.b3 O-O 14.Bb2 Rfc8 15.h3 Qb7
16.e5 Bd5 17.Ne4 Nf7 18.Re3 c5 19.dxc5 fxe5 20.Ba3 Bxe4 21.Rxe4 d5 22.Ra4 e4
23.Nd4 e5 24.Ne2 Nd8 25.Rd1 Ne6 26.Qd2 Nd4 27.Nxd4 exd4 28.Rxd4 Bxd4 29.Qxd4 h5
30.Bb2 Kh7 31.b4 Rc7 32.a4 Qc6 33.Qxd5 Qxd5 34.Rxd5 a6 35.b5 axb5 36.axb5 Ra2
37.Be5 Rb7 38.c6 Rb6 39.Bc7 Ra1+ 40.Kh2  1-0

[Event "Mislata op 5th"]
[Site "Mislata"]
[Date "1996.??.??"]
[Round "3"]
[White "Garzon Roger, JA."]
[Black "Gonzalez, Renier"]
[Result "0-1"]
[WhiteElo "2125"]
[BlackElo "2450"]

1.e4 c5 2.Nf3 Nc6 3.Bb5 g6 4.O-O Bg7 5.Re1 Nf6 6.e5 Nd5 7.Nc3 Nc7 8.Bxc6 dxc6
9.Ne4 Ne6 10.d3 O-O 11.Be3 b6 12.Qd2 f5 13.exf6 exf6 14.Bh6 a5 15.Bxg7 Kxg7
16.Re2 Qd5 17.Rae1 Ra7 18.Nc3 Qd6 19.Re4 Raf7 20.Na4 Rb7 21.Qe3 Kf7 22.Qh6 Kg8
23.Qe3 Ng7 24.Nd2 Nf5 25.Qf4 Qd8 26.Nc4 Kg7 27.g4 g5 28.Qd2 Nh4 29.Qe3 f5
30.Re7+ Rxe7 31.Qxe7+ Kg8 32.Qxd8 Rxd8 33.Nd2 b5 34.Nxc5 fxg4 35.Re5 h6 36.Nce4 Kf7
37.a4 Bd7 38.axb5 cxb5 39.Rd5 Ke7 40.Nc5 Bc6 41.Rxd8 Kxd8 42.Kf1 Ke7 43.Ncb3 a4
44.Nd4 Bd7 45.c3 Kd6 46.Ne4+ Ke5 47.Nc5 Be8 48.Ke2 b4 49.Nc2 bxc3 50.bxc3 Nf3
51.d4+ Kd6 52.Ne4+ Ke7 53.Na3 Nxh2 54.d5 Nf3 55.c4 h5 56.c5 h4 57.c6 Nd4+
58.Kf1 Nxc6 59.dxc6 Bxc6 60.Nc3 Kd6 61.Nc2 Kc5 62.Ne3 Kb4 63.Nxa4 Bxa4 64.Nxg4 Bc6
65.Ke2 Kc5 66.Ke3 h3 67.f4 Bd7 68.Nh2 g4 69.Kf2 Kd4 70.Kg3 Ke3 71.Nf1+ Ke2
72.Nh2 Bf5 73.Kh4 Kf2  0-1

[Event "Mondariz op"]
[Site "Mondariz"]
[Date "1996.??.??"]
[Round "?"]
[White "Klip, Hans"]
[Black "De la Riva Aguado, Oscar"]
[Result "1-0"]
[WhiteElo "2295"]
[BlackElo "2490"]

1.e4 c5 2.Nf3 Nc6 3.Bb5 g6 4.O-O Bg7 5.c3 Nf6 6.Re1 O-O 7.h3 e5 8.d3 d6 9.Nbd2 Ne8
10.Nc4 h6 11.Be3 f5 12.Bxc6 bxc6 13.Qa4 Be6 14.Rad1 Qc7 15.Nh2 f4 16.Bc1 g5
17.b4 cxb4 18.cxb4 h5 19.Na5 Qf7 20.f3 Nf6 21.d4 Nd7 22.Nxc6 Nb6 23.Qa3 g4
24.fxg4 hxg4 25.d5 Bd7 26.Nxg4 Bxg4 27.hxg4 Bf6 28.b5 Qd7 29.Rd3 Kg7 30.Rh3 Rh8
31.Qf3 Bg5 32.Rh5 Bh4 33.Rf1 Bg3 34.Rg5+ Kf6 35.Qxg3 Kxg5 36.Bxf4+ Kg6 37.Bxe5 Rhf8
38.Rf5 Nc4 39.Bc3 Qh7 40.Qf3 Rxf5 41.Qxf5+ Kh6 42.Qh5+  1-0

[Event "Moscow IM2"]
[Site "Moscow"]
[Date "1996.??.??"]
[Round "?"]
[White "Kozel, Roman"]
[Black "Lopushnoy, Denis"]
[Result "1-0"]
[WhiteElo "2365"]
[BlackElo "2210"]

1.e4 c5 2.Nf3 Nc6 3.Bb5 g6 4.Bxc6 dxc6 5.h3 e5 6.O-O f6 7.d3 Nh6 8.c3 Nf7
9.d4 cxd4 10.cxd4 Be6 11.b3 Bd6 12.Ba3 O-O 13.Bxd6 Qxd6 14.dxe5 fxe5 15.Qxd6 Nxd6
16.Ng5 Rae8 17.Nc3 Bc8 18.Rfd1 Nf7 19.h4 h6 20.Nxf7 Rxf7 21.Rd6 Kg7 22.Ne2 Rf6
23.Rad1 Kf7 24.R6d2 Ke7 25.Nc1 Re6 26.f3 Rf8 27.Kf2 Rff6 28.Rd8 Rf8 29.Rxf8 Kxf8
30.Rd8+ Re8 31.Rxe8+ Kxe8 32.Nd3 Ke7 33.Nxe5 Kf6 34.f4 Be6 35.Ke3 c5 36.g3 b5
37.Nd3 c4 38.Nc5 cxb3 39.axb3 Bf7 40.b4  1-0

[Event "Moscow IM1"]
[Site "Moscow"]
[Date "1996.??.??"]
[Round "?"]
[White "Saulin, Dmitri"]
[Black "Umanskaya, Irina"]
[Result "1-0"]
[WhiteElo "2370"]
[BlackElo "2320"]

1.e4 c5 2.Nf3 Nc6 3.Bb5 e6 4.O-O Nge7 5.c3 a6 6.Ba4 b5 7.Bc2 Bb7 8.d4 cxd4
9.Nxd4 Rc8 10.Re1 Qc7 11.Bd3 Ng6 12.a4 b4 13.Nd2 Nce5 14.Bf1 bxc3 15.bxc3 Qxc3
16.N2b3 Qc7 17.Bd2 Be7 18.Na5 O-O 19.Rc1 Qb6 20.Ndb3 Rxc1 21.Bxc1 Bb4 22.Be3 Qc7
23.Bd2 Bxd2 24.Qxd2 Ng4 25.g3 N4e5 26.Qe3 Bc8 27.Rc1 Nc6 28.Nxc6 dxc6 29.Nc5 a5
30.Qc3 e5 31.Nb3 Be6 32.Nc5 Re8 33.Rb1 Nf8 34.Rb7 Qd6 35.Qxa5 Qd1 36.Nd3 Bh3
37.Qe1 Qxe1 38.Nxe1 Bxf1 39.Kxf1 Ra8 40.Rb4 Ne6 41.Nd3 f6 42.f4 exf4 43.gxf4 g5
44.f5 Nf4 45.Nxf4 gxf4 46.Ke2 c5 47.Rc4 Kf7 48.Kf3 Ke7 49.Rxc5 Rxa4 50.Rc7+ Kf8
51.Rxh7 Ra1 52.Kxf4 Rf1+ 53.Kg4 Re1 54.Kh5 Rxe4 55.Kg6 Ra4 56.Kxf6 Ra6+ 57.Kg5 Kg8
58.Rd7 Ra2 59.h4 Rg2+ 60.Kf6 Rh2 61.h5 Ra2 62.Rd8+ Kh7 63.Kf7 Ra7+ 64.Ke6 Ra6+
65.Rd6 Ra1 66.f6 Re1+ 67.Kf7 Kh6 68.Kf8 Kxh5 69.f7 Rf1 70.Ke7  1-0

[Event "Moscow GM2"]
[Site "Moscow"]
[Date "1996.??.??"]
[Round "?"]
[White "Sadvakasov, Darmen"]
[Black "Pogorelov, Ruslan"]
[Result "1-0"]
[WhiteElo "2280"]
[BlackElo "2440"]

1.e4 c5 2.Nf3 Nc6 3.Bb5 g6 4.O-O Bg7 5.c3 Nf6 6.d4 Nxe4 7.d5 Nb8 8.Re1 Nf6
9.c4 O-O 10.Nc3 d6 11.Bf4 Bd7 12.Bxd7 Nbxd7 13.h3 Re8 14.Qd3 a6 15.a4 Qc7
16.Re2 Rad8 17.Rae1 Nf8 18.Ng5 h6 19.Nge4 Nxe4 20.Rxe4 Qd7 21.Bd2 e5 22.dxe6 fxe6
23.h4 Re7 24.Rg4 Rf7 25.Ne4 d5 26.Nxc5 Qc8 27.b4 b6 28.Nb3 h5 29.Rd4 Bxd4
30.Nxd4 dxc4 31.Qe3 Qd7 32.Bc3 Qd5 33.Nf3 b5 34.axb5 axb5 35.Ng5 Rf5 36.Ne4 e5
37.Ng3 Rf7 38.Bxe5 Re8 39.Qg5 Re6 40.Nxh5 Nh7 41.Qg3 Kf8 42.Nf4 Rxf4 43.Qxf4+ Ke8
44.Re3 Nf8 45.Rf3 Qxe5 46.Qxf8+ Kd7 47.Ra3 Qd4 48.g3 Qb6 49.Ra1 Kc7 50.Rd1 Rc6
51.Rd8 Qb7 52.Qg7+ Kxd8 53.Qxb7 Rc7 54.Qb8+  1-0

[Event "Moscow GM4"]
[Site "Moscow"]
[Date "1996.??.??"]
[Round "?"]
[White "Zaitsev, Igor A"]
[Black "Kiselev, Sergey"]
[Result "1/2-1/2"]
[WhiteElo "2460"]
[BlackElo "2525"]

1.e4 c5 2.Nf3 Nc6 3.Bb5 g6 4.O-O Bg7 5.c3 Nf6 6.e5 Nd5 7.d4 cxd4 8.cxd4 O-O
9.Nc3 Nc7 10.Bg5 d6 11.Bxc6 bxc6 12.exd6 Qxd6 13.Re1 Re8 14.Qd2 Ne6 15.Ne4 Qd5
16.Nc3 Qd6 17.Ne4 Qd5 18.Nc3  1/2-1/2

[Event "Moscow GM4"]
[Site "Moscow"]
[Date "1996.??.??"]
[Round "?"]
[White "Novichkov, Vadim"]
[Black "Hatanbaatar, Bazar"]
[Result "1/2-1/2"]
[WhiteElo "2380"]
[BlackElo "2425"]

1.e4 c5 2.Nf3 Nc6 3.Bb5 d6 4.O-O Bd7 5.d3 a6 6.Bxc6 Bxc6 7.Nbd2 g6 8.Re1 Bg7
9.c3 Nf6 10.Nf1 O-O 11.Ng3 b5 12.Bg5 h6 13.Bd2 Rc8 14.h3 e5 15.c4 Kh7 16.h4 Bd7
17.Nh2 Ng8 18.h5 Be6 19.b3 Qd7 20.Rc1 Ne7 21.Rc2 a5 22.Be3 a4 23.Qe2 Ra8
24.Rb1 Rfb8 25.Rcb2 Re8 26.Nhf1 axb3 27.axb3 Nc6 28.cxb5 Nb4 29.Nd2 Qxb5
30.Nc4 Red8 31.Bd2 Nc6 32.Bc3 d5 33.exd5 Rxd5 34.hxg6+ fxg6 35.Ne4 Rad8 36.Rd1 Nd4
37.Bxd4 Rxd4 38.Rbd2 Qb4 39.Qe3 Bd5 40.f3 Qxb3 41.Nxc5 Qb5 42.Ne4 Bxc4 43.dxc4 Qxc4
44.Kh1 Qb4 45.Qe2 Qe7 46.Qe3 R8d7 47.Re1 Bf8 48.Rde2 Qh4+ 49.Kg1 Bb4 50.Rf1 Rc7
51.g3 Qe7 52.Kg2 Qg7 53.Rh1 Be7 54.Qb3 Rdc4 55.Rd1 Rd4 56.Rde1 Bd8 57.Qe6 Re7
58.Qa6 Rf7 59.Rh1 Qf8 60.Rf1 Qe7 61.Qa2 Rd3 62.Qc2 Qa3 63.Qa2 Qxa2 64.Rxa2 Re3
65.Rb2 g5 66.g4 h5 67.gxh5 g4 68.Nd6 Rf6 69.Rb7+ Kg8 70.Rd7 gxf3+ 71.Kg3 f2+
72.Kg2 Rf8 73.h6 Bh4 74.Rg7+ Kh8 75.Nf7+ Rxf7 76.Rxf7 Re1 77.Rh1 Rxh1 78.Kxh1 e4
79.Kg2 e3 80.Kf1  1/2-1/2

[Event "Moscow GM3"]
[Site "Moscow"]
[Date "1996.??.??"]
[Round "?"]
[White "Zaitsev, Igor A"]
[Black "Iskusnyh, Sergei"]
[Result "1/2-1/2"]
[WhiteElo "2460"]
[BlackElo "2460"]

1.e4 c5 2.Nf3 Nc6 3.Bb5 g6 4.O-O Bg7 5.c3 Nf6 6.e5 Nd5 7.d4 cxd4 8.cxd4 O-O
9.Nc3 Nc7 10.Bg5 h6 11.Bh4 Nxb5 12.Nxb5 g5 13.Bg3 a6 14.Nc3 d6 15.h3 g4 16.Nh4 gxh3
17.Qh5 Nxd4 18.Rad1 dxe5 19.Bxe5 Qa5 20.Rfe1 Rd8 21.b4 Qxb4 22.Bxg7 Kxg7
23.Qe5+ Kh7 24.Nd5 Ne2+ 25.Qxe2 Qxh4 26.Qc2+ Kg7 27.Qc3+ Kh7 28.Qc2+ Kg7
29.Qb2+ Kh7 30.Qb1+ Kg7 31.Qb2+ Kh7 32.Qc2+ Kg7 33.Qc3+ Kh7  1/2-1/2

[Event "Moscow-D"]
[Site "Moscow"]
[Date "1996.??.??"]
[Round "?"]
[White "Zaitsev, Igor A"]
[Black "Kochetkov, German"]
[Result "1-0"]
[WhiteElo "2460"]
[BlackElo "2385"]

1.e4 c5 2.Nf3 Nc6 3.Bb5 d6 4.O-O Bd7 5.c3 a6 6.Bxc6 Bxc6 7.d4 Bxe4 8.Re1 Nf6
9.Bg5 Bc6 10.Bxf6 gxf6 11.d5 Bd7 12.Nbd2 Qc7 13.b4 O-O-O 14.a4 e6 15.Nc4 exd5
16.Ne3 Be6 17.b5 axb5 18.axb5 Qb6 19.Nxd5 Bxd5 20.Qxd5 Qxb5 21.Ra8+ Kc7 22.Rxd8  1-0

[Event "Moscow-D"]
[Site "Moscow"]
[Date "1996.??.??"]
[Round "?"]
[White "Kochetkov, German"]
[Black "Iskusnyh, Sergei"]
[Result "1/2-1/2"]
[WhiteElo "2385"]
[BlackElo "2460"]

1.e4 c5 2.Nf3 Nc6 3.Bb5 g6 4.O-O Bg7 5.Re1 e5 6.Bxc6 dxc6 7.d3 Qe7 8.b4 cxb4
9.a3 b3 10.cxb3 Nf6 11.Bb2 Bg4 12.Nbd2 Nd7 13.h3 Bxf3 14.Qxf3 O-O 15.a4 Rfd8
16.Ba3 Qe6 17.Qe3 Nf8 18.Nc4 Qd7 19.Bb2 f6 20.Red1 Ne6 21.b4 Bf8 22.Bc3 b5
23.axb5 cxb5 24.Na5 Rac8 25.Qe1 Nf4 26.Bb2 Rc2 27.Bc1 Ne2+ 28.Kh2 Nxc1 29.Raxc1 Rxc1
30.Rxc1 Qxd3 31.Rc7 Rd7 32.Rc8 Rd8 33.Rc7 Bh6 34.Nc6 Bd2 35.Qg1 Rd6 36.f3 Bf4+
37.Kh1 Be3 38.Ne7+ Kh8 39.Qe1 Qd1 40.Qxd1 Rxd1+ 41.Kh2 Bf4+ 42.g3 Rd2+ 43.Kh1 Bxg3
44.Nd5 Bh4 45.Rxa7 f5 46.Nc7 Kg7 47.Ne6+ Kh6 48.Nf8 Kg5 49.Ne6+ Kf6 50.Nf8 Rd8
51.Nxh7+ Ke6 52.Rb7 Rh8 53.Rb6+ Kf7 54.exf5 gxf5 55.Rh6 Be7 56.Ng5+ Kg7 57.Rxh8 Kxh8
58.Ne6 Bd6 59.f4 Kh7 60.Kg2 Kg6 61.fxe5 Bxe5 62.Kf3 Kh5 63.Nd8  1/2-1/2

[Event "RUS-Cup2"]
[Site "Moscow"]
[Date "1996.??.??"]
[Round "1"]
[White "Belikov, Vladimir"]
[Black "Granovski, Aleksandar"]
[Result "1-0"]
[WhiteElo "2510"]
[BlackElo "2250"]

1.e4 c5 2.Nf3 Nc6 3.Bb5 g6 4.O-O Bg7 5.Re1 e5 6.Bxc6 dxc6 7.d3 Ne7 8.Nbd2 O-O
9.Nc4 f6 10.Be3 b6 11.a4 a5 12.c3 Be6 13.Qe2 Nc8 14.d4 cxd4 15.cxd4 Bg4 16.dxe5 Bxf3
17.Qxf3 Qd3 18.Qe2 Qxe4 19.Bxb6 Qxe2 20.Rxe2 Nxb6 21.Nxb6 Ra7 22.e6 Re8 23.Rc1 Rc7
24.Nc4 Rce7 25.Nxa5 Rxe6 26.Rxe6 Rxe6 27.Kf1  1-0

[Event "Moscow-ch"]
[Site "Moscow"]
[Date "1996.??.??"]
[Round "1"]
[White "Shaposhnikov, Evgeny"]
[Black "Miroshnichenko, Nikolay"]
[Result "1-0"]
[WhiteElo "2345"]
[BlackElo "2125"]

1.e4 c5 2.Nf3 Nc6 3.Bb5 a6 4.Bxc6 bxc6 5.O-O d6 6.h3 e6 7.Re1 Ne7 8.c3 g6
9.d4 cxd4 10.Qxd4 e5 11.Qd3 f6 12.c4 Be6 13.Nc3 Nc8 14.Be3 Be7 15.Nd2 g5
16.b4 O-O 17.a4 f5 18.exf5 Bxf5 19.Nde4 Rb8 20.Rab1 d5 21.cxd5 Bxb4 22.Bd2 cxd5
23.Bxg5 Ne7 24.Bxe7 Qxe7 25.Nxd5 Qh4 26.Rxb4 Bxe4 27.Rbxe4 Qxf2+ 28.Kh2 Rb2
29.R1e2 Rxe2 30.Qxe2  1-0

[Event "Moscow PCA-GP"]
[Site "Moscow"]
[Date "1996.??.??"]
[Round "1.2"]
[White "Anand, Viswanathan"]
[Black "Krasenkow, Michal"]
[Result "1-0"]
[WhiteElo "2725"]
[BlackElo "2610"]

1.e4 c5 2.Nf3 Nc6 3.Bb5 g6 4.Bxc6 dxc6 5.d3 f6 6.e5 Bg4 7.exf6 exf6 8.h3 Be6
9.O-O Qd7 10.Be3 Nh6 11.Nc3 b6 12.Ne4 Ng8 13.Re1 O-O-O 14.a4 Bd5 15.a5 Kb7
16.axb6 axb6 17.c4 Bxe4 18.Qa4 Rb8 19.dxe4 Bd6 20.Red1 Qe6 21.Qa7+ Kc8 22.Qg7  1-0

[Event "RUS-Cup2"]
[Site "Moscow"]
[Date "1996.??.??"]
[Round "1"]
[White "Rosanov, Lev I"]
[Black "Iskusnyh, Sergei"]
[Result "0-1"]
[WhiteElo "2195"]
[BlackElo "2460"]

1.e4 c5 2.Nf3 Nc6 3.Bb5 g6 4.O-O Bg7 5.Re1 e5 6.c3 Nge7 7.d4 cxd4 8.cxd4 Nxd4
9.Nxd4 exd4 10.Bg5 h6 11.Bh4 O-O 12.Nd2 d6 13.Nb3 g5 14.Bg3 Qb6 15.Bc4 Ng6
16.f3 Be6 17.Bf1 Rfd8 18.Bf2 Bxb3 19.axb3 d5 20.Ra4 dxe4 21.Rxe4 Rd7 22.Bxd4 Bxd4+  0-1

[Event "Moscow-ch"]
[Site "Moscow"]
[Date "1996.??.??"]
[Round "1"]
[White "Fedorov, Vladislav"]
[Black "Ivliev, Oleg"]
[Result "1-0"]
[WhiteElo "2430"]
[BlackElo "2275"]

1.e4 c5 2.Nf3 Nc6 3.Bb5 g6 4.O-O Bg7 5.Bxc6 dxc6 6.d3 Bg4 7.Nbd2 Nf6 8.h3 Bxf3
9.Nxf3 O-O 10.Qe2 Ne8 11.c3 Nc7 12.Be3 Qd6 13.Nd2 Rfd8 14.Nc4 Qxd3 15.Qxd3 Rxd3
16.Rfd1 Rxd1+ 17.Rxd1 Kf8 18.Rd7 Rc8 19.Bxc5 b6 20.Bd6 Nb5 21.Bxe7+ Ke8 22.Rb7 Rc7
23.Rxc7 Nxc7 24.Bd6 Kd7 25.Bxc7 Kxc7 26.Kf1 b5 27.Ne3 b4 28.cxb4 Bxb2 29.Nc4 Bc3
30.a3 Bd4 31.Ke2 a6 32.f4 c5 33.Kd3 Kc6 34.Na5+ Kb5 35.Nb3 Bb2 36.bxc5 Bxa3
37.Kd4 a5 38.Kd5 a4 39.Nd4+ Ka6 40.Nc2 Bc1 41.g3 Kb7 42.Kd6 Kc8 43.Ke7 f5
44.e5 g5 45.Kf7 gxf4 46.e6  1-0

[Event "RUS-Cup2"]
[Site "Moscow"]
[Date "1996.??.??"]
[Round "1"]
[White "Bitman, Alexander R"]
[Black "Mukhametov, Eldar"]
[Result "1/2-1/2"]
[WhiteElo "2220"]
[BlackElo "2485"]

1.e4 c5 2.Nf3 Nc6 3.Bb5 d6 4.O-O Bd7 5.c3 a6 6.Ba4 Nf6 7.Re1 b5 8.Bb3 c4
9.Bc2 e6 10.b3 Be7 11.bxc4 bxc4 12.Na3 Na5 13.e5 Nd5 14.d3 Nxc3 15.Qd2 cxd3
16.Qxd3 Nb5 17.Nxb5 Bxb5 18.Qe4 Rc8 19.Nd4 dxe5 20.Nxb5 axb5 21.Bd3 Nc4 22.Rd1 Qc7
23.a4 f5 24.Qe2 e4 25.Bc2 Qe5 26.Rb1 e3 27.fxe3 Bd6 28.g3 Bc5 29.Kh1 O-O
30.e4 fxe4 31.Bf4 Rxf4 32.gxf4 Qxf4 33.Rf1 Qe5 34.Bxe4 Ne3 35.Bb7 Rb8 36.Rxb5 Qd4
37.Rbb1 Nxf1 38.Qxe6+ Kh8 39.Rxf1 Qxa4 40.Be4 Qe8 41.Qf5 Qg6 42.Qxg6 hxg6
43.Bxg6  1/2-1/2

[Event "Moscow Alekhine op"]
[Site "Moscow"]
[Date "1996.??.??"]
[Round "2"]
[White "Olenin, Nikolay"]
[Black "Belikov, Vladimir"]
[Result "1/2-1/2"]
[WhiteElo "2380"]
[BlackElo "2500"]

1.e4 c5 2.Nf3 Nc6 3.Bb5 e6 4.Bxc6 bxc6 5.O-O Ne7 6.Re1 Ng6 7.c3 Be7 8.d4 O-O
9.Be3 cxd4 10.cxd4 f5 11.e5 Rb8 12.Qc2 Bb7 13.d5 c5 14.d6 Bh4 15.Nbd2 Rc8  1/2-1/2